Štruktúra a vlastností vlákien na báze PLA

Na minha lista:
Detalhes bibliográficos
Autor principal: Baniková, Kristína (Author)
Outros Autores: Ujhelyiová, Anna (Thesis advisor)
Formato: Manuscrito Livro
Idioma:eslovaco
Publicado em: 2019
Assuntos:
Acesso em linha:http://is.stuba.sk/zp/portal_zp.pl?podrobnosti=142978
Tags: Adicionar Tag
Sem tags, seja o primeiro a adicionar uma tag!

MARC

LEADER 00000ntm a22000003a 4500
001 stuzp74566
003 SK-STU
005 20190601211451.5
007 ta
008 150427s2015----xo-----f-mn---000-0-slo-d
040 |a STU  |b slo 
041 0 |a slo 
100 1 |a Baniková, Kristína  |u 049370  |k Z4  |4 aut  |U FCHPT Ústav prírodných a syntetických polymérov  |T FCHPT Oddelenie plastov, kaučuku a vlákien  |X 64576  |U C9370  |Y 128  |7 64576 
242 0 1 |a Structure and properties of fibres based on PLA  |y eng 
245 1 0 |a Štruktúra a vlastností vlákien na báze PLA 
260 |c 2019 
650 4 |a biodegradovateľné polyméry  |2 slo 
650 4 |a vlákna z PLA  |2 slo 
650 4 |a mastenec  |2 slo 
650 4 |a reologické vlastnosti  |2 slo 
650 4 |a termické vlastnosti  |2 slo 
650 4 |a mechanické vlastnosti  |2 slo 
650 4 |a stabilizácia  |2 slo 
650 4 |a biodegradable polymers  |2 eng 
650 4 |a fibers from PLA  |2 eng 
650 4 |a talc  |2 eng 
650 4 |a rheological properties  |2 eng 
650 4 |a thermal properties  |2 eng 
650 4 |a mechanical properties  |2 eng 
650 4 |a stabilization process  |2 eng 
700 1 |a Ujhelyiová, Anna  |u 049370  |k Z1  |4 ths  |U FCHPT Ústav prírodných a syntetických polymérov  |T FCHPT Oddelenie plastov, kaučuku a vlákien  |X 3983  |U C9370  |Y 128  |7 A000003983 
856 4 |u http://is.stuba.sk/zp/portal_zp.pl?podrobnosti=142978